Piłkarze województwa mazowieckiego - nagła śmierć - Statystyki

Ogólne statystyki
  • Ten quiz został rozwiązany 10 razy
  • Średni wynik to 3 z 10
Answers on the Grid
Answers color-coded by a green-red scale on the quiz's grid according to % correct below.
Sławomir Abramowicz
Marcin Bułka
Bartosz Bereszyński
Dawid Drachal
Jan Grzesik
Artur Jędrzejczyk
Bartosz Kapustka
Michał Karbownik
Mateusz Kowalczyk
Robert Lewandowski
Kamil Piątkowski
Arkadiusz Pyrka
Arkadiusz Reca
Wojciech Szczęsny
Damian Szymanski
Sebastian Szymański
Mateusz Wieteska
Paweł Wszołek
Kacper Urbański
Jan Ziółkowski
 
Statystyki odpowiedzi
Odpowiedź % Poprawnych
Sławomir Abramowicz
75%
Marcin Bułka
63%
Robert Lewandowski
50%
Jan Ziółkowski
25%
Wojciech Szczęsny
25%
Arkadiusz Pyrka
13%
Dawid Drachal
13%
Mateusz Kowalczyk
13%
Mateusz Wieteska
13%
Michał Karbownik
13%
Nie znaleziono quizów pasujących do podanych kryteriów
Rozkład punktacji
Procent ludzi z każdym wynikiem
Percentyl według liczby udzielonych odpowiedzi
Twoja historia wyników
Nie rozwiązałeś tego quizu